|
|
|
|
| LEADER |
01388nam a2200325 a 4500 |
| 001 |
3050372 |
| 008 |
091021s1993 dcua b 000 0 eng d |
| 010 |
|
|
|a 93070734
|
| 020 |
|
|
|a 188283917X
|
| 020 |
|
|
|a 18828390604
|
| 040 |
|
|
|a ACT
|c ACT
|d UAB
|d AEU
|
| 082 |
0 |
0 |
|a 362.1/068
|2 20
|
| 100 |
1 |
|
|a Reynolds, Jack.
|
| 245 |
1 |
0 |
|a Primary Health Care ManagementAdvancement Programme.
|p Better management, 100 tips :
|b manager's guide /
|c Jack Reynolds, Maria Francisco and Susan Gearon.
|
| 246 |
3 |
0 |
|a Better management, 100 tips :|bmanager's guide
|
| 260 |
|
|
|a Washington, DC :
|b Aga Khan Foundation,
|c 1993.
|
| 300 |
|
|
|a ii, 64 p. :
|b ill. ;
|c 21 cm.
|
| 490 |
1 |
|
|a PHC MAP series of modules, guides and reference materials
|
| 504 |
|
|
|a Includes bibliographical references.
|
| 541 |
1 |
|
|e 00007034
|
| 650 |
|
0 |
|a Health services administration.
|
| 651 |
|
0 |
|a Primary health care.
|
| 700 |
1 |
|
|a Francisco, Maria.
|
| 700 |
1 |
|
|a Gearon, Susan.
|
| 710 |
2 |
|
|a Primary Health Care Management Advancement Programme.
|
| 710 |
2 |
|
|a Aga Khan Foundation.
|
| 830 |
|
0 |
|a PHC MAP series of modules, guides and reference materials.
|
| 852 |
4 |
|
|a Ayesha Abed Library
|j General shelf
|
| 999 |
|
|
|c 4766
|d 4766
|
| 952 |
|
|
|0 0
|1 0
|2 ddc
|4 0
|6 362_106800000000000_REY_1993
|7 0
|9 4574
|a BRACUL
|b BRACUL
|c GEN
|d 2009-10-22
|g 0.00
|l 0
|o 362.1068 REY
|p 3010007034
|r 2009-10-22
|t 1
|w 2009-10-22
|y BK
|x No price found in the accession register.
|